| 000 | 00781nam a22001935i 4500 | ||
|---|---|---|---|
| 001 | 158676 | ||
| 003 | ES-MaACL | ||
| 005 | 20230906211251.0 | ||
| 008 | 040920s1884 fr |||| | fre d | ||
| 040 |
_aCAM _bspa _cCAM |
||
| 100 | 1 |
_aMarchese, Eugenio. _976424 |
|
| 245 | 1 | 0 |
_aDétermination pratique de la résistance métallique et de la réaction chimique d'un circuit électrolytique / _cpar Eugenio Marchese, de Gênes; traduit par V. Bouhy. |
| 260 |
_aParis ; _aLiége : _bBureaux, _c1884 ( _eLiége : _fImp. de Ch. Aug. Desoer) |
||
| 300 |
_a13 p. ; _c22 cm. |
||
| 500 | _aExtrait de la Revue Universelle des Mines, etc., 2e série, p.668, 28e année, 1884. | ||
| 650 | 4 |
_aElectrólisis. _9222090 |
|
| 852 |
_aES-MaACL _jB-7690(5) _z-- Enc. tela |
||
| 999 |
_c158676 _d158676 |
||